| 000 | 00732nam a22002297a 4500 | ||
|---|---|---|---|
| 999 |
_c9377 _d9377 |
||
| 003 | AR-CdUCM | ||
| 008 | 190327b ||||| |||| 00| 0 spa d | ||
| 040 |
_aMUNICIPALIDAD PROVINCIAL DEL CUSCO _cBIBLIOTECA MUNICIPAL DEL CUSCO |
||
| 041 | _hfr | ||
| 082 |
_a891.74 / _bEV93 |
||
| 100 |
_aEvtushenko, Evgenii Aleksndrovich _925531 |
||
| 245 |
_aAutobiografía precoz : _bSeguida de ocho poemas / |
||
| 260 |
_aMéxico, D.F : _bEds. Era, _c1963. |
||
| 300 |
_a180 páginas ; _c19 cm. |
||
| 500 | _aDonación familia Nieto | ||
| 505 | _aContenido: Autobiografía de un poeta. | ||
| 650 |
_aBiografía de un poeta _925532 |
||
| 650 |
_aDocumento político _925533 |
||
| 650 |
_aSiglo XX _98 |
||
| 942 |
_2ddc _cLIBROS |
||
| 945 | _adavv | ||